2500 years of Buddhism / (Record no. 5201)

MARC details
000 -LEADER
fixed length control field 00457cam a2200145 4500
001 - CONTROL NUMBER
control field 6158
005 - DATE AND TIME OF LATEST TRANSACTION
control field 20181127181045.0
010 ## - LIBRARY OF CONGRESS CONTROL NUMBER
LC control number 59017609
020 ## - INTERNATIONAL STANDARD BOOK NUMBER
International Standard Book Number 444400006304
Terms of availability
Canceled/invalid ISBN
100 1# - MAIN ENTRY--PERSONAL NAME
Personal name Bapat, P. V.
Fuller form of name (Purushottam Vishvanath)
245 10 - TITLE STATEMENT
Title 2500 years of Buddhism /
Statement of responsibility, etc. P. V. Bapat.
260 ## - PUBLICATION, DISTRIBUTION, ETC.
Place of publication, distribution, etc. [Delhi]
Name of publisher, distributor, etc. Publications Division, Ministry of Information and Broadcasting, Govt. of India
Date of publication, distribution, etc. [1956]
300 ## - PHYSICAL DESCRIPTION
Extent 503 p.
Other physical details illus.
Dimensions 21 cm.
650 #0 - SUBJECT ADDED ENTRY--TOPICAL TERM
Topical term or geographic name entry element Buddhism
General subdivision History.
Holdings
Withdrawn status Lost status Source of classification or shelving scheme Damaged status Not for loan Collection code Home library Current library Shelving location Serial Enumeration / chronology Inventory number Total Checkouts Full call number Barcode Date last seen Copy number Price effective from Koha item type Date acquired Total Renewals Date last checked out
    Dewey Decimal Classification     Main TEST RTC Library RTC Library Main opac 9766   242.5 KRI 30009779 27/11/2018 1 27/11/2018 Main      
    Dewey Decimal Classification     Main TEST RTC Library RTC Library Main opac 9769   242.5 KRI 30009802 27/11/2018 4 27/11/2018 Main      
    Dewey Decimal Classification     Main TEST RTC Library RTC Library Main opac 9768 1 242.5 KRI 30009815 22/05/2025 3 27/11/2018 Main 18/04/2025 1 18/04/2025
    Dewey Decimal Classification     Main TEST RTC Library RTC Library Main opac 9767   242.5 KRI 30009755 27/11/2018 2 27/11/2018 Main 28/07/2021    
Royal Thimphu College || All Right Reserved